Zpěvník k albu Jestřáb /

Korporativní autor: Asonance (hudební skupina)
Jazyk: Čeština
Vydáno: Praha : Asonance, [2007]
Témata:
Fyzický popis: 1 zpěvník (26 stran) ; 21 cm
Hudebniny Hudebniny
Uloženo v:
LEADER 01670ncm a2200397 i 4500
001 001875450
003 CZ BrMZK
005 20231211123100.0
007 qu
008 231101s2007 xr ppl g nn cze
024 2 |a 979-0-66063-008-2  |q (v hudebnině neuvedeno ;  |q brožováno) 
040 |a BOA001  |b cze  |e rda 
048 |a vn01 
072 7 |x Populární hudba. Populární písně. Populární taneční hudba  |a 78.011.26  |2 Konspekt  |9 9 
080 |a 78.03.011.26  |2 MRF 
080 |a 78.036.9  |2 MRF 
080 |a (0:82-192)  |2 MRF 
080 |a 78.089.6.087.6  |2 MRF 
245 0 0 |a Zpěvník k albu Jestřáb /  |c Asonance 
246 3 0 |a Jestřáb 
264 1 |a Praha :  |b Asonance,  |c [2007] 
300 |a 1 zpěvník (26 stran) ;  |c 21 cm 
336 |a zápis hudby  |b ntm  |2 rdacontent 
337 |a bez média  |b n  |2 rdamedia 
338 |a svazek  |b nc  |2 rdacarrier 
382 0 1 |a zpěv  |n 1  |v akordické značky  |s 1 
505 0 0 |t Vikingové --  |t Alan Morrisson --  |t Barbarské pobřeží --  |t Moře mám ráda --  |t Bratrova pomsta --  |t Markétka a voják --  |t Kraj mého dětství --  |t Podivný rytíř --  |t Já jednu krásnou dívku znal --  |t Pomáhej nám Svatý Jiří --  |t Velikonoční sekvence --  |t Jestřáb --  |t Kvůli tvým očím 
650 0 7 |a populární hudba  |7 ph124352  |2 czenas 
655 0 7 |a tradicionály  |7 fd993018  |2 czenas 
655 7 |a zpěvníky  |7 fd133876  |2 czenas 
655 7 |a vokální linky s podloženým textem  |7 fd201985  |2 czenas 
710 2 |a Asonance (hudební skupina)  |7 ko2003181128  |4 itr 
910 |a BOA001  |b Mus2-1514.704 
990 |a MU 
991 |b 202312 
996 6 |b 2610952432  |c Mus2-1514.704  |l MZK  |r Sklad / do 1 hodiny  |n 0  |p dar  |w 001943251  |u 000010  |a 1  |e BOA001  |j MZK50  |s P